000 00441nam a2200169Ia 4500
008 230711s9999||||xx |||||||||||||| ||und||
020 _a978-81-265-2520-1
041 _aENG
082 _a621.319
_bMI-R
100 _aMiller,Timothy J.E
245 0 _aReactive power control in electric systems
250 _a1st Ed.
260 _c2015
_aNew Delhi
_bWiley India Pvt.Ltd
300 _a381p.
650 _aElectrical Engineering
942 _cBK
999 _c6272
_d6272